01508nam a2200205 450000500170000000800410001704000290005804100080008708200150009510000360011024501530014626001270029930000300042650001820045650505470063850600210118565100340120665100330124070000290127320160912140556.0160912s2012 ck |||fr|||| 001 0 spa d cSandra YazodSandra Yazo0 aspa04220a986.171 aGómez López, Augusto Javier10aFuentes documentales para la historia de la Amazonía colombianabVolumen I (1597 - 1844)cAugusto Javier Gómez López ; Gabriel Cabrera Becerra aBogotá (Colombia)bUniversidad Nacional del Colombia. Facultad de ciencias humanasbArchivo General de la Naciónc2012 a480 páginasc28 x 21 cm aDetalles físicos: Encuadernación flexible en cartulina, tapas con datos de publicación. Portada sencilla. Texto impreso en una sola columna. Algunos cuadros entre el texto0 aA propósito de la Amazonía y las fuentes documentales primarias ; Fragmentos para una historia de la estructuración político – administrativa de la Amazonía colombiana ; Archivo General de Indicas de Sevilla ; Archivo central del Cauca ; Archivo del Ministerio de Relaciones Exteriores de la República del Ecuador. Quito – Cancillería del Ecuador – Documentos coloniales ; Archivo Nacional de Ecuador. Quito – Documentos coloniales ; Arquidiócesis de Popayán Archivo histórico. Documentos coloniales y republicanos aConsulta en sala 4aAmazonas (Colombia)xHistoria 4aAmazonas (Colombia)xFuentes1 aCabrera Becerra, Gabriel